| 000 | 00918nam a2200229 a 4500 | ||
|---|---|---|---|
| 001 | 000039348 | ||
| 005 | 20250702113508.0 | ||
| 008 | 130625s1996 dr ad 000 0 spa d | ||
| 040 |
_aDO-SdBNP _bspa _cBNPHU |
||
| 082 |
_a338.6048 _bB213e |
||
| 110 | 2 |
_aBanco Central de la República Dominicana _bInstituto Dominicano de Tecnología Industrial (INDOTEC) _965538 |
|
| 245 | 1 | 0 | _aEncuesta de detección de necesidades del sector industrial. |
| 260 |
_aSanto Domingo : _bInstituto Dominicano de Tecnología Industrial (INDOTEC), _c1996. |
||
| 300 |
_a37 p. : _bil., gráfcs. ; _c28 cm. |
||
| 504 | _aBibliografía: p.35 -37 | ||
| 590 | _aInventariado,2018/DG | ||
| 650 | 0 |
_a Competencia económica _98351 |
|
| 650 | 4 |
_aCompetencia industrial _xEncuestas _965539 |
|
| 650 | 4 |
_aIndustria _xEncuestas _965540 |
|
| 710 | 2 |
_aInstituto Dominicano de Tecnología Industrial _964231 |
|
| 910 | _aValidado. Control de calidad EMS | ||
| 999 |
_c38838 _d38838 |
||